000 nam a22 a 4500
999 _c962
_d962
005 20170508100435.0
008 170508b2005 my ||||| |||| 00| 0 may d
040 _aAKMAL
082 _223
_a297.14 HIM
090 _a297.14
_bHIM
100 _aMohd Ali Haji Zainal
_92042
245 _aHIMPUNAN WARTA FATWA KERAJAAN NEGERI MELAKA (1986-2013) /
_cDisusun dan Disunting oleh: Bahagian Fatwa dan Buhuth Jabatan Mufti Negeri Melaka
264 _aMelaka
_bJABATAN MUFTI NEGERI MELAKA
_c2014
300 _axix, 117 pages
_c21cm
650 _aFatwas
_zMelaka
_92043
650 _aIslam
_xDoctrines
_9894
650 _aAdvisory opinions (Islamic law)
_zMelaka
_92044
650 _aIslamic law
_xSources
_91526
710 _aMelaka.
_bJabatan Mufti Negeri Melaka
_bBahagian Fatwa dan Buhuth
_eeditor
_eissuing body.
_92045
942 _2ddc
_cBOOK